<?xml version="1.0" encoding="UTF-8"?>
<marc:record xmlns:marc="http://www.loc.gov/MARC21/slim" type="Bibliographic">
   <marc:leader>00000njm a2200000 c 4500</marc:leader>
   <marc:controlfield tag="001">1033419265</marc:controlfield>
   <marc:controlfield tag="003">DE-101</marc:controlfield>
   <marc:controlfield tag="005">20171203092558.0</marc:controlfield>
   <marc:controlfield tag="007">s|||||||||||||</marc:controlfield>
   <marc:controlfield tag="008">130411s2013    gw ||||| |||||||||||ger  </marc:controlfield>
   <marc:datafield ind1=" " ind2=" " tag="015">
      <marc:subfield code="a">14,T01</marc:subfield>
      <marc:subfield code="2">dnb</marc:subfield>
   </marc:datafield>
   <marc:datafield ind1="7" ind2=" " tag="016">
      <marc:subfield code="2">DE-101</marc:subfield>
      <marc:subfield code="a">1033419265</marc:subfield>
   </marc:datafield>
   <marc:datafield ind1="1" ind2=" " tag="024">
      <marc:subfield code="a">028948074815</marc:subfield>
   </marc:datafield>
   <marc:datafield ind1="7" ind2=" " tag="024">
      <marc:subfield code="2">urn</marc:subfield>
      <marc:subfield code="a">urn:nbn:de:101:1-2017012711219</marc:subfield>
   </marc:datafield>
   <marc:datafield ind1="3" ind2="2" tag="028">
      <marc:subfield code="b">Deutsche Grammophon Literatur (LC 13542)</marc:subfield>
      <marc:subfield code="a">4807481</marc:subfield>
   </marc:datafield>
   <marc:datafield ind1="3" ind2="2" tag="028">
      <marc:subfield code="b">Deutsche Grammophon Literatur</marc:subfield>
      <marc:subfield code="a">4807481</marc:subfield>
   </marc:datafield>
   <marc:datafield ind1=" " ind2=" " tag="035">
      <marc:subfield code="a">(DE-599)DNB1033419265</marc:subfield>
   </marc:datafield>
   <marc:datafield ind1=" " ind2=" " tag="035">
      <marc:subfield code="a">(OCoLC)1184484980</marc:subfield>
   </marc:datafield>
   <marc:datafield ind1=" " ind2=" " tag="035">
      <marc:subfield code="a">(OCoLC)869019561</marc:subfield>
   </marc:datafield>
   <marc:datafield ind1=" " ind2=" " tag="040">
      <marc:subfield code="a">1330</marc:subfield>
      <marc:subfield code="b">ger</marc:subfield>
      <marc:subfield code="c">DE-101</marc:subfield>
      <marc:subfield code="d">9999</marc:subfield>
   </marc:datafield>
   <marc:datafield ind1=" " ind2=" " tag="041">
      <marc:subfield code="a">ger</marc:subfield>
   </marc:datafield>
   <marc:datafield ind1=" " ind2=" " tag="044">
      <marc:subfield code="c">XA-DE</marc:subfield>
   </marc:datafield>
   <marc:datafield ind1="7" ind2="4" tag="082">
      <marc:subfield code="a">782.1</marc:subfield>
      <marc:subfield code="q">DE-101</marc:subfield>
      <marc:subfield code="2">23sdnb</marc:subfield>
   </marc:datafield>
   <marc:datafield ind1="1" ind2=" " tag="100">
      <marc:subfield code="0">(DE-588)118594117</marc:subfield>
      <marc:subfield code="0">https://d-nb.info/gnd/118594117</marc:subfield>
      <marc:subfield code="0">(DE-101)118594117</marc:subfield>
      <marc:subfield code="a">Wagner, Richard</marc:subfield>
      <marc:subfield code="d">1813-1883</marc:subfield>
      <marc:subfield code="e">Komponist</marc:subfield>
      <marc:subfield code="4">cmp</marc:subfield>
      <marc:subfield code="2">gnd</marc:subfield>
   </marc:datafield>
   <marc:datafield ind1="1" ind2="0" tag="240">
      <marc:subfield code="0">(DE-588)300170319</marc:subfield>
      <marc:subfield code="0">https://d-nb.info/gnd/300170319</marc:subfield>
      <marc:subfield code="0">(DE-101)300170319</marc:subfield>
      <marc:subfield code="a">&#x98;Der&#x9c; Ring des Nibelungen</marc:subfield>
      <marc:subfield code="k">Ausw. Arr.</marc:subfield>
      <marc:subfield code="2">gnd</marc:subfield>
   </marc:datafield>
   <marc:datafield ind1="1" ind2="0" tag="245">
      <marc:subfield code="a">Loriot erzählt Richard Wagners Ring des Nibelungen</marc:subfield>
      <marc:subfield code="b">am Beispiel der Aufnahme von Herbert von Karajan und den Berliner Philharmonikern</marc:subfield>
   </marc:datafield>
   <marc:datafield ind1=" " ind2="1" tag="264">
      <marc:subfield code="a">Berlin</marc:subfield>
      <marc:subfield code="b">Universal Musik Entertainment</marc:subfield>
      <marc:subfield code="c">c 2013</marc:subfield>
   </marc:datafield>
   <marc:datafield ind1=" " ind2=" " tag="300">
      <marc:subfield code="a">2 CDs</marc:subfield>
      <marc:subfield code="c">12 cm</marc:subfield>
      <marc:subfield code="e">Beih.</marc:subfield>
   </marc:datafield>
   <marc:datafield ind1=" " ind2=" " tag="336">
      <marc:subfield code="a">aufgeführte Musik</marc:subfield>
      <marc:subfield code="b">prm</marc:subfield>
      <marc:subfield code="2">rdacontent</marc:subfield>
   </marc:datafield>
   <marc:datafield ind1=" " ind2=" " tag="337">
      <marc:subfield code="a">audio</marc:subfield>
      <marc:subfield code="b">s</marc:subfield>
      <marc:subfield code="2">rdamedia</marc:subfield>
   </marc:datafield>
   <marc:datafield ind1=" " ind2=" " tag="338">
      <marc:subfield code="a">Audiodisk</marc:subfield>
      <marc:subfield code="b">sd</marc:subfield>
      <marc:subfield code="2">rdacarrier</marc:subfield>
   </marc:datafield>
   <marc:datafield ind1=" " ind2=" " tag="500">
      <marc:subfield code="a">Interpr.: Dietrich Fischer-Dieskau, Wotan. Gerhard Stolze, Loge, Mime. Zoltan Kelemen, Alberich. Josephine Vearsey, Fricka. Helen Donath, Woglinde. Edda Moser, Wellgunde. Anna Reynolds, Flosshilde. Jess Thomas, Siegfried. Thomas Stewart, Wanderer, Wotan, Gunther. Helga Dernesch, Brünnhilde. Jon Vickers, Siegmund. Gundula Janowitz, Sieglinde, Gutrune. Régine Crespin, Brünnhilde. Helge Brilioth, Siegfried. Karl Ridderbusch, Hagen.</marc:subfield>
   </marc:datafield>
   <marc:datafield ind1=" " ind2=" " tag="500">
      <marc:subfield code="a">Interpr.: P-Jahre: 1967 - 1993.</marc:subfield>
   </marc:datafield>
   <marc:datafield ind1="0" ind2=" " tag="511">
      <marc:subfield code="a">Loriot [Sprechst.]. Fischer-Dieskau, Dietrich [Wotan]. Stolze, Gerhard [Loge, Mime]. Kelemen, Zoltán [Alberich]. Veasey, Josephine [Fricka]. Donath, Helen [Woglinde]. Moser, Edda [Wellgunde]. Reynolds, Anna [Flosshilde]. Thomas, Jess [Siegfried]. Stewart, Thomas [Wanderer, Wotan, Gunther]. Dernesch, Helga [Brünnhilde]. Vickers, Jon [Siegmund]. Janowitz, Gundula [Sieglinde, Gutrune]. Crespin, Régine [Brünnhilde]. Brilioth, Helge [Siegfried]. Ridderbusch, Karl [Hagen].</marc:subfield>
   </marc:datafield>
   <marc:datafield ind1=" " ind2=" " tag="518">
      <marc:subfield code="a">Aufn.: Hamburg, März 1993.</marc:subfield>
   </marc:datafield>
   <marc:datafield ind1="1" ind2=" " tag="583">
      <marc:subfield code="a">Archivierung/Langzeitarchivierung gewährleistet</marc:subfield>
      <marc:subfield code="5">DE-101</marc:subfield>
      <marc:subfield code="2">pdager</marc:subfield>
   </marc:datafield>
   <marc:datafield ind1=" " ind2="7" tag="655">
      <marc:subfield code="0">(DE-588)4522869-3</marc:subfield>
      <marc:subfield code="0">https://d-nb.info/gnd/4522869-3</marc:subfield>
      <marc:subfield code="0">(DE-101)955174880</marc:subfield>
      <marc:subfield code="a">CD</marc:subfield>
      <marc:subfield code="2">gnd-carrier</marc:subfield>
   </marc:datafield>
   <marc:datafield ind1="0" ind2=" " tag="700">
      <marc:subfield code="0">(DE-588)118729101</marc:subfield>
      <marc:subfield code="0">https://d-nb.info/gnd/118729101</marc:subfield>
      <marc:subfield code="0">(DE-101)118729101</marc:subfield>
      <marc:subfield code="a">Loriot</marc:subfield>
      <marc:subfield code="d">1923-2011</marc:subfield>
      <marc:subfield code="e">Ausführender</marc:subfield>
      <marc:subfield code="4">prf</marc:subfield>
      <marc:subfield code="2">gnd</marc:subfield>
   </marc:datafield>
   <marc:datafield ind1="1" ind2=" " tag="700">
      <marc:subfield code="0">(DE-588)118559915</marc:subfield>
      <marc:subfield code="0">https://d-nb.info/gnd/118559915</marc:subfield>
      <marc:subfield code="0">(DE-101)118559915</marc:subfield>
      <marc:subfield code="a">Karajan, Herbert &#x98;von&#x9c;</marc:subfield>
      <marc:subfield code="d">1908-1989</marc:subfield>
      <marc:subfield code="e">Dirigent</marc:subfield>
      <marc:subfield code="4">cnd</marc:subfield>
      <marc:subfield code="2">gnd</marc:subfield>
   </marc:datafield>
   <marc:datafield ind1="1" ind2=" " tag="700">
      <marc:subfield code="0">(DE-588)118691457</marc:subfield>
      <marc:subfield code="0">https://d-nb.info/gnd/118691457</marc:subfield>
      <marc:subfield code="0">(DE-101)118691457</marc:subfield>
      <marc:subfield code="a">Fischer-Dieskau, Dietrich</marc:subfield>
      <marc:subfield code="d">1925-2012</marc:subfield>
      <marc:subfield code="e">Ausführender</marc:subfield>
      <marc:subfield code="4">prf</marc:subfield>
      <marc:subfield code="2">gnd</marc:subfield>
   </marc:datafield>
   <marc:datafield ind1="1" ind2=" " tag="700">
      <marc:subfield code="0">(DE-588)12863104X</marc:subfield>
      <marc:subfield code="0">https://d-nb.info/gnd/12863104X</marc:subfield>
      <marc:subfield code="0">(DE-101)12863104X</marc:subfield>
      <marc:subfield code="a">Stolze, Gerhard</marc:subfield>
      <marc:subfield code="d">1926-1979</marc:subfield>
      <marc:subfield code="e">Ausführender</marc:subfield>
      <marc:subfield code="4">prf</marc:subfield>
      <marc:subfield code="2">gnd</marc:subfield>
   </marc:datafield>
   <marc:datafield ind1="1" ind2=" " tag="700">
      <marc:subfield code="0">(DE-588)126925267</marc:subfield>
      <marc:subfield code="0">https://d-nb.info/gnd/126925267</marc:subfield>
      <marc:subfield code="0">(DE-101)126925267</marc:subfield>
      <marc:subfield code="a">Kelemen, Zoltán</marc:subfield>
      <marc:subfield code="d">1926-1979</marc:subfield>
      <marc:subfield code="e">Ausführender</marc:subfield>
      <marc:subfield code="4">prf</marc:subfield>
      <marc:subfield code="2">gnd</marc:subfield>
   </marc:datafield>
   <marc:datafield ind1="1" ind2=" " tag="700">
      <marc:subfield code="0">(DE-588)134545958</marc:subfield>
      <marc:subfield code="0">https://d-nb.info/gnd/134545958</marc:subfield>
      <marc:subfield code="0">(DE-101)134545958</marc:subfield>
      <marc:subfield code="a">Veasey, Josephine</marc:subfield>
      <marc:subfield code="d">1930-2022</marc:subfield>
      <marc:subfield code="e">Ausführender</marc:subfield>
      <marc:subfield code="4">prf</marc:subfield>
      <marc:subfield code="2">gnd</marc:subfield>
   </marc:datafield>
   <marc:datafield ind1="1" ind2=" " tag="700">
      <marc:subfield code="0">(DE-588)123053633</marc:subfield>
      <marc:subfield code="0">https://d-nb.info/gnd/123053633</marc:subfield>
      <marc:subfield code="0">(DE-101)123053633</marc:subfield>
      <marc:subfield code="a">Donath, Helen</marc:subfield>
      <marc:subfield code="d">1940-</marc:subfield>
      <marc:subfield code="e">Ausführender</marc:subfield>
      <marc:subfield code="4">prf</marc:subfield>
      <marc:subfield code="2">gnd</marc:subfield>
   </marc:datafield>
   <marc:datafield ind1="1" ind2=" " tag="700">
      <marc:subfield code="0">(DE-588)124950604</marc:subfield>
      <marc:subfield code="0">https://d-nb.info/gnd/124950604</marc:subfield>
      <marc:subfield code="0">(DE-101)124950604</marc:subfield>
      <marc:subfield code="a">Moser, Edda</marc:subfield>
      <marc:subfield code="d">1938-</marc:subfield>
      <marc:subfield code="e">Ausführender</marc:subfield>
      <marc:subfield code="4">prf</marc:subfield>
      <marc:subfield code="2">gnd</marc:subfield>
   </marc:datafield>
   <marc:datafield ind1="1" ind2=" " tag="700">
      <marc:subfield code="0">(DE-588)131911414</marc:subfield>
      <marc:subfield code="0">https://d-nb.info/gnd/131911414</marc:subfield>
      <marc:subfield code="0">(DE-101)131911414</marc:subfield>
      <marc:subfield code="a">Reynolds, Anna</marc:subfield>
      <marc:subfield code="d">1931-2014</marc:subfield>
      <marc:subfield code="e">Ausführender</marc:subfield>
      <marc:subfield code="4">prf</marc:subfield>
      <marc:subfield code="2">gnd</marc:subfield>
   </marc:datafield>
   <marc:datafield ind1="1" ind2=" " tag="700">
      <marc:subfield code="0">(DE-588)118821369</marc:subfield>
      <marc:subfield code="0">https://d-nb.info/gnd/118821369</marc:subfield>
      <marc:subfield code="0">(DE-101)118821369</marc:subfield>
      <marc:subfield code="a">Thomas, Jess</marc:subfield>
      <marc:subfield code="d">1927-1993</marc:subfield>
      <marc:subfield code="e">Ausführender</marc:subfield>
      <marc:subfield code="4">prf</marc:subfield>
      <marc:subfield code="2">gnd</marc:subfield>
   </marc:datafield>
   <marc:datafield ind1="1" ind2=" " tag="700">
      <marc:subfield code="0">(DE-588)128432497</marc:subfield>
      <marc:subfield code="0">https://d-nb.info/gnd/128432497</marc:subfield>
      <marc:subfield code="0">(DE-101)128432497</marc:subfield>
      <marc:subfield code="a">Stewart, Thomas</marc:subfield>
      <marc:subfield code="d">1928-2006</marc:subfield>
      <marc:subfield code="e">Ausführender</marc:subfield>
      <marc:subfield code="4">prf</marc:subfield>
      <marc:subfield code="2">gnd</marc:subfield>
   </marc:datafield>
   <marc:datafield ind1="1" ind2=" " tag="700">
      <marc:subfield code="0">(DE-588)131511904</marc:subfield>
      <marc:subfield code="0">https://d-nb.info/gnd/131511904</marc:subfield>
      <marc:subfield code="0">(DE-101)131511904</marc:subfield>
      <marc:subfield code="a">Dernesch, Helga</marc:subfield>
      <marc:subfield code="d">1939-</marc:subfield>
      <marc:subfield code="e">Ausführender</marc:subfield>
      <marc:subfield code="4">prf</marc:subfield>
      <marc:subfield code="2">gnd</marc:subfield>
   </marc:datafield>
   <marc:datafield ind1="1" ind2=" " tag="700">
      <marc:subfield code="0">(DE-588)121979865</marc:subfield>
      <marc:subfield code="0">https://d-nb.info/gnd/121979865</marc:subfield>
      <marc:subfield code="0">(DE-101)121979865</marc:subfield>
      <marc:subfield code="a">Vickers, Jon</marc:subfield>
      <marc:subfield code="d">1926-2015</marc:subfield>
      <marc:subfield code="e">Ausführender</marc:subfield>
      <marc:subfield code="4">prf</marc:subfield>
      <marc:subfield code="2">gnd</marc:subfield>
   </marc:datafield>
   <marc:datafield ind1="1" ind2=" " tag="700">
      <marc:subfield code="0">(DE-588)120540231</marc:subfield>
      <marc:subfield code="0">https://d-nb.info/gnd/120540231</marc:subfield>
      <marc:subfield code="0">(DE-101)120540231</marc:subfield>
      <marc:subfield code="a">Janowitz, Gundula</marc:subfield>
      <marc:subfield code="d">1937-</marc:subfield>
      <marc:subfield code="e">Ausführender</marc:subfield>
      <marc:subfield code="4">prf</marc:subfield>
      <marc:subfield code="2">gnd</marc:subfield>
   </marc:datafield>
   <marc:datafield ind1="1" ind2=" " tag="700">
      <marc:subfield code="0">(DE-588)120459213</marc:subfield>
      <marc:subfield code="0">https://d-nb.info/gnd/120459213</marc:subfield>
      <marc:subfield code="0">(DE-101)120459213</marc:subfield>
      <marc:subfield code="a">Crespin, Régine</marc:subfield>
      <marc:subfield code="d">1927-2007</marc:subfield>
      <marc:subfield code="e">Ausführender</marc:subfield>
      <marc:subfield code="4">prf</marc:subfield>
      <marc:subfield code="2">gnd</marc:subfield>
   </marc:datafield>
   <marc:datafield ind1="1" ind2=" " tag="700">
      <marc:subfield code="0">(DE-588)131537849</marc:subfield>
      <marc:subfield code="0">https://d-nb.info/gnd/131537849</marc:subfield>
      <marc:subfield code="0">(DE-101)131537849</marc:subfield>
      <marc:subfield code="a">Brilioth, Helge</marc:subfield>
      <marc:subfield code="d">1931-1998</marc:subfield>
      <marc:subfield code="e">Ausführender</marc:subfield>
      <marc:subfield code="4">prf</marc:subfield>
      <marc:subfield code="2">gnd</marc:subfield>
   </marc:datafield>
   <marc:datafield ind1="1" ind2=" " tag="700">
      <marc:subfield code="0">(DE-588)131911538</marc:subfield>
      <marc:subfield code="0">https://d-nb.info/gnd/131911538</marc:subfield>
      <marc:subfield code="0">(DE-101)131911538</marc:subfield>
      <marc:subfield code="a">Ridderbusch, Karl</marc:subfield>
      <marc:subfield code="d">1932-1997</marc:subfield>
      <marc:subfield code="e">Ausführender</marc:subfield>
      <marc:subfield code="4">prf</marc:subfield>
      <marc:subfield code="2">gnd</marc:subfield>
   </marc:datafield>
   <marc:datafield ind1="2" ind2=" " tag="710">
      <marc:subfield code="0">(DE-588)2173862-2</marc:subfield>
      <marc:subfield code="0">https://d-nb.info/gnd/2173862-2</marc:subfield>
      <marc:subfield code="0">(DE-101)95514504X</marc:subfield>
      <marc:subfield code="a">Berliner Philharmoniker</marc:subfield>
      <marc:subfield code="e">Ausführender</marc:subfield>
      <marc:subfield code="4">prf</marc:subfield>
      <marc:subfield code="2">gnd</marc:subfield>
   </marc:datafield>
   <marc:datafield ind1=" " ind2=" " tag="850">
      <marc:subfield code="a">DE-101b</marc:subfield>
      <marc:subfield code="a">DE-101c</marc:subfield>
   </marc:datafield>
   <marc:datafield ind1="4" ind2="0" tag="856">
      <marc:subfield code="u">https://nbn-resolving.org/urn:nbn:de:101:1-2017012711219</marc:subfield>
      <marc:subfield code="x">Resolving-System</marc:subfield>
   </marc:datafield>
   <marc:datafield ind1="r" ind2=" " tag="925">
      <marc:subfield code="a">rt</marc:subfield>
   </marc:datafield>
   <marc:datafield ind1="d" ind2=" " tag="925">
      <marc:subfield code="a">m001</marc:subfield>
   </marc:datafield>
</marc:record>
